Peter yang tamak (Record no. 88466)
[ view plain ]
| 000 -LEADER | |
|---|---|
| fixed length control field | 00735nam a2200265 i 4500 |
| 001 - CONTROL NUMBER | |
| control field | C2-0282185 |
| 003 - CONTROL NUMBER IDENTIFIER | |
| control field | PPAK |
| 005 - DATE AND TIME OF LATEST TRANSACTION | |
| control field | 20180728012615.0 |
| 008 - FIXED-LENGTH DATA ELEMENTS--GENERAL INFORMATION | |
| fixed length control field | 071001s2006 my a|||| ||||| | may d |
| 020 ## - INTERNATIONAL STANDARD BOOK NUMBER | |
| International Standard Book Number | 9833004989 |
| 040 ## - CATALOGING SOURCE | |
| Original cataloging agency | PPAK |
| Language of cataloging | eng |
| Transcribing agency | PPAK |
| Description conventions | rda |
| 082 04 - DEWEY DECIMAL CLASSIFICATION NUMBER | |
| Classification number | 499.2386 |
| Edition number | 23 |
| 090 00 - LOCALLY ASSIGNED LC-TYPE CALL NUMBER (OCLC); LOCAL CALL NUMBER (RLIN) | |
| Classification number (OCLC) (R) ; Classification number, CALL (RLIN) (NR) | 499.2386 |
| Feature heading | DOD |
| Feature heading | K |
| 100 1# - MAIN ENTRY--PERSONAL NAME | |
| Personal name | Dodson, Anita Ruth, |
| Relator term | author |
| 245 10 - TITLE STATEMENT | |
| Title | Peter yang tamak |
| 264 #1 - PRODUCTION, PUBLICATION, DISTRIBUTION, MANUFACTURE, AND COPYRIGHT NOTICE | |
| Place of production, publication, distribution, manufacture | Subang Jaya, Selangor : |
| Name of producer, publisher, distributor, manufacturer | Future Text Publications , |
| Date of production, publication, distribution, manufacture, or copyright notice | 2006 |
| 300 ## - PHYSICAL DESCRIPTION | |
| Extent | 14 pages : |
| Other physical details | colour illustrations ; |
| Dimensions | 19 cm |
| 336 ## - CONTENT TYPE | |
| Source | rdacontent |
| Content type term | text |
| 337 ## - MEDIA TYPE | |
| Source | rdamedia |
| Media type term | unmediated |
| 338 ## - CARRIER TYPE | |
| Source | rdacarrier |
| Carrier type term | volume |
| 490 1# - SERIES STATEMENT | |
| Series statement | siri moral puisi |
| 650 10 - SUBJECT ADDED ENTRY--TOPICAL TERM | |
| Topical term or geographic name entry element | Readers. |
| 830 #0 - SERIES ADDED ENTRY--UNIFORM TITLE | |
| Uniform title | siri moral puisi |
| 942 ## - ADDED ENTRY ELEMENTS (KOHA) | |
| -- | dc |
| Koha item type | Book |
| Withdrawn | Not for loan | Current library | Shelving location | Date acquired | Full call number | Barcode | Date last seen | Koha item type | Total Checkouts | Date last checked out |
|---|---|---|---|---|---|---|---|---|---|---|
| Perpustakaan Alor Setar | Pinjaman Kanak-kanak | 17/02/2008 | K 499.2386 DOD | A01224671 | 09/05/2018 | Book | ||||
| Perpustakaan Awam Sungai Petani | Pinjaman Kanak-kanak | 17/02/2008 | K 499.2386 DOD | A01224672 | 09/05/2018 | Book | ||||
| Perpustakaan Bandar Baharu | Pinjaman Kanak-kanak | 17/02/2008 | K 499.2386 DOD | A01224679 | 09/05/2018 | Book | ||||
| Perpustakaan Jitra | Pinjaman Kanak-kanak | 17/02/2008 | K 499.2386 DOD | A01224673 | 09/05/2018 | Book | ||||
| Perpustakaan Kulim | Pinjaman Kanak-kanak | 17/02/2008 | K 499.2386 DOD | A01224675 | 09/05/2018 | Book | ||||
| Perpustakaan Langkawi | Pinjaman Kanak-kanak | 17/02/2008 | K 499.2386 DOD | A01224674 | 09/05/2018 | Book | ||||
| Perpustakaan Merbok | Pinjaman Kanak-kanak | 17/02/2008 | K 499.2386 DOD | A01224682 | 09/05/2018 | Book | ||||
| Perpustakaan Sik | Pinjaman Kanak-kanak | 17/02/2008 | K 499.2386 DOD | A01224677 | 09/05/2018 | Book | ||||
| Perpustakaan Sik | Pinjaman Kanak-kanak | 17/02/2008 | K 499.2386 DOD | A01224681 | 09/05/2018 | Book | ||||
| Perpustakaan Yan | Pinjaman Kanak-kanak | 17/02/2008 | K 499.2386 DOD | A01224676 | 26/01/2023 | Book | 1 | 15/01/2023 | ||
| Bergerak 3, Baling | Pinjaman Kanak-kanak | 17/02/2008 | K 499.2386 DOD | A01224678 | 09/05/2018 | Book |